États des États Unis en charades - Statistiques

Statistiques générales
  • Ce quiz a été pris 66 fois
  • Le résultat moyen est 8 sur 10
Statistiques - réponses
Charade Etat % Correct
Mon premier est le pronom personnel masculin de la troisième personne du singulier Mon second la lettre suivant le h Mon troisième peut être de cajou de Grenoble ou du Périgord Mon tout est l'état où se trouve Chicago Illinois
98%
Mon premier est la lettre qui précède le vMon second est synonyme d'agglomérat et amas Mon tout est un état réputé pour abriter beaucoup de mormons Utah
95%
Mon premier est le diminutif de technologie Mon second l'espace tampon entre l'extérieur et la maison Mon tout l'État capitale mondiale des cowboys Texas
91%
Mon premier peut être d'or de sel où de charbon Mon second est synonyme d'avec Mon troisième Est le verbe sauter à la troisième personne du singulier au présent Mon tout l'État de Saint paul Minnesota
88%
Mon premier peut être de terre de farine où solitaire Mon second signifie à moi Mon tout est l'état dont la capitale est une ville française du sud Vermont
86%
Mon premier est l'intérieur du pain Mon second une imperatrice autrichienne Mon troisième vaut environ 3.14
Mon tout est l'état où vit Tom Sawyer
Mississippi
84%
Mon premier manque à l'expression suivante figue raisin Mon second est un rongeur amateur de fromage Mon tout un état traversé par une rivière du même nom Missouri
82%
Mon premier est souvent associées aux fines herbes dans les fromages à tartiner Mon second à pour formule chimique H2O Mon troisième un animal qui comme le canard donne un foie gras Mon tout est l'état desmoines Iowa
77%
Mon premier est un terme affectif pour désigner un lieu où on passe les vacances d'été Mon second une embarcation de fortune lorsque sur une île on est échoué mon tout un etat de l'ouest aux paysages variés Colorado
66%
Mon premier est le participe passé du verbe naîtreMon second un plat du sud de l'Inde Mon tout un état des USA et une voiture Renault Nevada
66%
Aucun quiz correspondant
Distribution des résultats
% des personnes avec chaque résultat
Percentile par nombre de réponses
Votre historique - résultats
Vous n’avez pas pris ce quiz